Type the DCEU Movie by Its Last Two Letters - Statistics

General Stats
  • This quiz has been taken 45 times
  • The average score is 11 of 16
Answer Stats
Year Movie % Correct
2018 Aquaman
100%
2017 Wonder Woman
100%
2013 Man of Steel
89%
2022 Black Adam
86%
2019 Shazam!
86%
2016 Suicide Squad
79%
2021 The Suicide Squad
79%
2023 The Flash
75%
2016 Batman v Superman: Dawn of Justice
71%
2017 Justice League
71%
2021 Zack Snyder’s Justice League
71%
2020 Birds of Prey
43%
2020 Wonder Woman 1984
39%
2023 Shazam! Fury of the Gods
36%
2023 Blue Beetle
29%
2023 Aquaman and the Lost Kingdom
25%
No matching quizzes found
Score Distribution
Percent of People with Each Score
Percentile by Number Answered
Your Score History
You have not taken this quiz